Movies Quiz

Random Movies or Numbers Quiz

Movies By Lego (Oscar Edition) Quiz Stats

Quiz Updated Feb 18, 2013

Also try: Movies By Lego
Challenge
Share
Tweet
Score 0/20 Timer 06:00
1 Play Today
Number Movie Title % Correct
E.T.: The Extra-Terrestrial
96.3%
Raiders of the Lost Ark
94.5%
Jaws
92.9%
Titanic
92.8%
Star Wars: Episode IV - A New Hope
91.5%
Toy Story 3
85.7%
Casablanca
79.6%
Pulp Fiction
77.1%
American Beauty
59.1%
Inception
57.4%
Number Movie Title % Correct
A Clockwork Orange
50.5%
Raging Bull
49.6%
The Silence of the Lambs
46.5%
The Exorcist
42.1%
The Graduate
30.1%
127 Hours
29.5%
Butch Cassidy and the Sundance Kid
22.1%
Dr. Strangelove...
15.8%
The King's Speech
15.5%
The Social Network
4.4%

You're not logged in!

Compare scores with friends on all Sporcle quizzes.
Join for Free
OR
Log In

You Might Also Like...

Show Comments

Extras

Top Quizzes Today


Score Distribution

Your Account Isn't Verified!

In order to create a playlist on Sporcle, you need to verify the email address you used during registration. Go to your Sporcle Settings to finish the process.

Report this User

Report this user for behavior that violates our Community Guidelines.

Details: